000
00272nam a22001337a 4500
999
_c
167221
_d
167221
082
_a
_b
100
_a
Amartya Sen
245
_a
Poverty and farmings/
_c
by Amartya Sen.
260
_a
_b
Oxford,
_c
2011.
300
_a
257p.
600
_a
650
_a
942
_c
BK